[Event "Lleida-ch"]
[Site "Leida"]
[Date "2023.10.15"]
[Round "3"]
[White "Monfa Sole, Ramon"]
[Black "Ribera Baztan, Jose"]
[Result "0-1"]
[WhiteElo "2017"]
[BlackElo "2068"]
[PlyCount "76"]
[EventDate "2023.10.01"]
[EventType "swiss"]
[EventRounds "8"]
[EventCountry "ESP"]
[SourceTitle "EXT 2025"]
[Source "ChessBase"]
[SourceDate "2024.10.14"]
[SourceVersion "1"]
[SourceVersionDate "2024.10.14"]
[SourceQuality "1"]

1. d3 e5 2. Nf3 Nc6 3. e4 g6 4. c4 Bg7 5. Nc3 d6 6. Be2 Bg4 7. h3 Bxf3 8. Bxf3 Nd4 9. g3 c6 10. Bg2 Ne7 11. Ne2 Ne6 12. 0-0 0-0 13. Be3 f5 14. Qd2 d5 15. exd5 cxd5 16. Bg5 Nxg5 17. Qxg5 f4 18. Bxd5+ Nxd5 19. Qxd8 Raxd8 20. cxd5 Rxd5 21. Rad1 Rfd8 22. gxf4 Rxd3 23. Rxd3 Rxd3 24. fxe5 Bxe5 25. f4 Bxb2 26. Rb1 Rd2 27. Kf1 Bf6 28. a4 Rd7 29. Rb3 Kf7 30. Kf2 Ke6 31. Kf3 Kd5 32. Ng3 Kc4 33. Rb5 a6 34. Rb1 Rd3+ 35. Kg2 b5 36. axb5 axb5 37. Ne4 Bc3 38. Kf2 b4 0-1

[Event "Lleida-ch"]
[Site "Leida"]
[Date "2023.10.08"]
[Round "2"]
[White "Ribera Baztan, Jose"]
[Black "Gabarro Fontanet, Xavier"]
[Result "1-0"]
[WhiteElo "2068"]
[BlackElo "1765"]
[PlyCount "102"]
[EventDate "2023.10.01"]
[EventType "swiss"]
[EventRounds "8"]
[EventCountry "ESP"]
[SourceTitle "EXT 2025"]
[Source "ChessBase"]
[SourceDate "2024.10.14"]
[SourceVersion "1"]
[SourceVersionDate "2024.10.14"]
[SourceQuality "1"]

1. d4 Nf6 2. c4 e5 3. dxe5 Ng4 4. e3 Nxe5 5. Nh3 Bc5 6. Nf4 0-0 7. Be2 d6 8. Nc3 Nbc6 9. 0-0 Be6 10. Nxe6 fxe6 11. Na4 Bb6 12. b3 Ne7 13. f4 N5g6 14. Nxb6 axb6 15. Bb2 Nc6 16. Qd2 Qe7 17. b4 Rad8 18. Rad1 d5 19. b5 Nb8 20. Qc3 Rf7 21. Qb3 Kh8 22. Bh5 dxc4 23. Rxd8+ Qxd8 24. Qxc4 Qe7 25. Qe4 Nd7 26. Bxg6 hxg6 27. Qxg6 Rf5 28. a4 Nc5 29. Rf3 Qf7 30. Rh3+ Kg8 31. Qh7+ Kf8 32. Rg3 g6 33. Qh6+ Ke7 34. Rxg6 Kd6 35. Be5+ Kd5 36. g4 Rxe5 37. fxe5 Qf3 38. Qf4 Qd1+ 39. Kg2 Qc2+ 40. Kh3 Ne4 41. Rg7 Qxa4 42. Rd7+ Kc5 43. Rd4 Qxb5 44. Rxe4 Qe2 45. Qf8+ Kc6 46. Qe8+ Kd5 47. Rd4+ Kc5 48. Qe7+ Kc6 49. Qxe6+ Kb5 50. Qd5+ c5 51. Qd7+ Ka6 1-0

[Event "Catalunya-chT GpB final"]
[Site "Barcelona"]
[Date "2019.03.30"]
[Round "4.5"]
[White "Ribera Baztan, Jose"]
[Black "Masague Artero, Guerau"]
[Result "0-1"]
[WhiteElo "2086"]
[BlackElo "2254"]
[PlyCount "64"]
[EventDate "2019.03.09"]
[EventType "team-tourn"]
[EventRounds "4"]
[EventCountry "ESP"]
[SourceTitle "EXT 2020"]
[Source "ChessBase"]
[SourceDate "2019.10.17"]
[SourceVersion "1"]
[SourceVersionDate "2019.10.17"]
[SourceQuality "1"]
[WhiteTeam "Andorra"]
[BlackTeam "Lleida"]
[WhiteTeamCountry "AND"]
[BlackTeamCountry "ESP"]

1. c4 c5 2. Nf3 Nc6 3. Nc3 Nf6 4. d4 cxd4 5. Nxd4 e6 6. e3 d5 7. cxd5 exd5 8. Be2 Bc5 9. 0-0 0-0 10. b3 Re8 11. Nxc6 bxc6 12. Na4 Bd6 13. Bb2 Bc7 14. Qc2 Qd6 15. g3 Ng4 16. Rac1 Qh6 17. Bxg4 Bxg4 18. Qxc6 Bd6 19. Qxd5 Rad8 20. Qc6 Be2 21. Rfe1 Qh5 22. Qg2 Bf3 23. Qf1 Re6 24. Rc4 g5 25. Rec1 Rh6 26. h4 gxh4 27. Rc8 Rf8 28. Qh3 f5 29. Rxf8+ Kxf8 30. Rc8+ Kf7 31. Qf1 Bd5 32. Qb5 Qd1+ 0-1

[Event "Lleida-ch"]
[Site "Bellcaire"]
[Date "2016.11.27"]
[Round "9"]
[White "Sole Gonzalez, Edgar"]
[Black "Ribera Baztan, Jose"]
[Result "0-1"]
[WhiteElo "1879"]
[BlackElo "2064"]
[PlyCount "62"]
[EventDate "2016.10.02"]
[EventType "swiss"]
[EventRounds "9"]
[EventCountry "ESP"]
[SourceTitle "EXT 2018"]
[Source "ChessBase"]
[SourceDate "2017.10.13"]
[SourceVersion "1"]
[SourceVersionDate "2017.10.13"]
[SourceQuality "1"]

1. d4 d6 2. c4 e5 3. dxe5 dxe5 4. Qxd8+ Kxd8 5. Nc3 c6 6. e4 Na6 7. Be3 Bc5 8. 0-0-0+ Kc7 9. Bxc5 Nxc5 10. g3 Nf6 11. f3 Be6 12. Nh3 h6 13. Nf2 Rad8 14. Be2 Rd4 15. b3 Rhd8 16. Kc2 g5 17. h3 h5 18. Rhe1 h4 19. gxh4 gxh4 20. Ng4 Rxd1 21. Rxd1 Bxg4 22. Rxd8 Kxd8 23. hxg4 Ne6 24. Bf1 Nd4+ 25. Kd2 Nxf3+ 26. Ke3 Ng5 27. Be2 Ke7 28. b4 h3 29. Kf2 Nfxe4+ 30. Nxe4 Nxe4+ 31. Kf3 h2 0-1

[Event "La Pobla de Lillet op 25th"]
[Site "La Pobla de Lillet"]
[Date "2015.08.04"]
[Round "4.9"]
[White "Ribera Baztan, Jose"]
[Black "Corriguelas Armillas, Frederic"]
[Result "1/2-1/2"]
[WhiteElo "2083"]
[BlackElo "1994"]
[PlyCount "33"]
[EventDate "2015.08.01"]
[EventType "swiss"]
[EventRounds "9"]
[EventCountry "ESP"]
[SourceTitle "EXT 2024"]
[Source "ChessBase"]
[SourceDate "2023.10.10"]
[SourceVersion "1"]
[SourceVersionDate "2023.10.10"]
[SourceQuality "1"]

1. d4 e6 2. c4 Nf6 3. Nc3 Bb4 4. e3 0-0 5. Nge2 d5 6. a3 Be7 7. Nf4 b6 8. cxd5 exd5 9. Bd3 Ba6 10. 0-0 Bxd3 11. Qxd3 c6 12. f3 Nbd7 13. e4 dxe4 14. fxe4 c5 15. d5 Ne5 16. Qh3 Qd7 17. Qxd7 1/2-1/2

[Event "Olympiad-41"]
[Site "Tromsoe"]
[Date "2014.08.03"]
[Round "2.4"]
[White "Ribera Baztan, Jose"]
[Black "Lemon, Eliman"]
[Result "1-0"]
[WhiteElo "2117"]
[BlackElo "1884"]
[PlyCount "64"]
[EventDate "2014.08.02"]
[EventType "team-swiss"]
[EventRounds "11"]
[EventCountry "NOR"]
[SourceTitle "CBM 162"]
[Source "ChessBase"]
[SourceDate "2014.09.17"]
[SourceVersion "1"]
[SourceVersionDate "2014.09.17"]
[SourceQuality "1"]
[WhiteTeam "Andorra"]
[BlackTeam "Gambia"]
[WhiteTeamCountry "AND"]
[BlackTeamCountry "GAM"]

1. d4 d5 2. c4 Nc6 3. Nf3 dxc4 4. e4 e6 5. Bxc4 Nf6 6. e5 Nd5 7. 0-0 Be7 8. Nc3 Nxc3 9. bxc3 0-0 10. Bd3 b6 11. Qe2 Bb7 12. Qe4 g6 13. Qg4 Nb8 14. Bh6 Re8 15. Ng5 Nd7 16. Qf4 Bxg5 17. Bxg5 Qc8 18. Rfe1 Kg7 19. Re3 Rh8 20. Bh6+ Kg8 21. Rd1 Qe8 22. h3 a6 23. Bc4 b5 24. Bb3 c6 25. c4 Qe7 26. d5 c5 27. dxe6 fxe6 28. Red3 Bc8 29. Rd6 b4 30. Ba4 Ra7 31. Bxd7 Rxd7 32. Rxd7 Bxd7 1-0

[Event "Olympiad-41"]
[Site "Tromsoe"]
[Date "2014.08.02"]
[Round "1.4"]
[White "Van Kampen, Robin"]
[Black "Ribera Baztan, Jose"]
[Result "1-0"]
[WhiteElo "2638"]
[BlackElo "2117"]
[PlyCount "63"]
[EventDate "2014.08.02"]
[EventType "team-swiss"]
[EventRounds "11"]
[EventCountry "NOR"]
[SourceTitle "CBM 162"]
[Source "ChessBase"]
[SourceDate "2014.09.17"]
[SourceVersion "1"]
[SourceVersionDate "2014.09.17"]
[SourceQuality "1"]
[WhiteTeam "Netherlands"]
[BlackTeam "Andorra"]
[WhiteTeamCountry "NED"]
[BlackTeamCountry "AND"]

1. e4 c5 2. Nf3 Nc6 3. Bb5 Nf6 4. Nc3 g6 5. Bxc6 dxc6 6. h3 Bg7 7. d3 0-0 8. 0-0 Nd7 9. Be3 e5 10. Qd2 Re8 11. Nh2 Qe7 12. Bh6 Nf8 13. Bxg7 Kxg7 14. Ne2 Ne6 15. Kh1 b6 16. a4 a5 17. b3 Ra7 18. f4 exf4 19. Nxf4 Nxf4 20. Rxf4 Qe5 21. Raf1 Kg8 22. Rf6 Be6 23. Qh6 Qd6 24. Nf3 Qf8 25. Qf4 Rd7 26. Ne5 Qd6 27. Nxd7 Qxd7 28. h4 Kh8 29. h5 gxh5 30. Rh6 Rg8 31. Qf6+ Rg7 32. Rxh5 1-0

[Event "Catalunya-chT Honor"]
[Site "Catalunya"]
[Date "2013.04.06"]
[Round "10.7"]
[White "Ribera Baztan, Jose"]
[Black "Fernandez Madrid, Carlos"]
[Result "1/2-1/2"]
[WhiteElo "2100"]
[BlackElo "2160"]
[PlyCount "50"]
[EventDate "2013.01.19"]
[EventType "team-tourn"]
[EventRounds "11"]
[EventCountry "ESP"]
[SourceTitle "EXT 2014"]
[Source "ChessBase"]
[SourceDate "2013.11.20"]
[SourceVersion "1"]
[SourceVersionDate "2013.11.20"]
[SourceQuality "1"]
[WhiteTeam "Andorra"]
[BlackTeam "Badalona Sant Josep"]
[WhiteTeamCountry "AND"]
[BlackTeamCountry "ESP"]

1. d4 Nf6 2. c4 c5 3. d5 b5 4. cxb5 a6 5. bxa6 Bxa6 6. Nc3 g6 7. e4 Bxf1 8. Kxf1 d6 9. Nf3 Bg7 10. g3 0-0 11. Kg2 Nbd7 12. Re1 Qb6 13. e5 Nxe5 14. Nxe5 dxe5 15. Rxe5 Qb7 16. Qf3 e6 17. dxe6 Qxf3+ 18. Kxf3 fxe6 19. Kg2 Nd5 20. Re2 Nxc3 21. bxc3 Bxc3 22. Rb1 e5 23. Be3 Bd4 24. Rc1 Bxe3 25. fxe3 Ra5 1/2-1/2

[Event "Catalunya-chT Honor"]
[Site "Catalunya"]
[Date "2013.03.02"]
[Round "7.7"]
[White "Ribera Baztan, Jose"]
[Black "Espinoza Palomino, Willyam"]
[Result "0-1"]
[WhiteElo "2100"]
[BlackElo "2284"]
[PlyCount "50"]
[EventDate "2013.01.19"]
[EventType "team-tourn"]
[EventRounds "11"]
[EventCountry "ESP"]
[SourceTitle "EXT 2014"]
[Source "ChessBase"]
[SourceDate "2013.11.20"]
[SourceVersion "1"]
[SourceVersionDate "2013.11.20"]
[SourceQuality "1"]
[WhiteTeam "Andorra"]
[BlackTeam "Montcada"]
[WhiteTeamCountry "AND"]
[BlackTeamCountry "ESP"]

1. d4 Nf6 2. c4 e6 3. g3 d5 4. Nf3 Bb4+ 5. Bd2 Be7 6. Bg2 0-0 7. 0-0 c6 8. Bf4 b6 9. Qc2 Ba6 10. Nbd2 Nbd7 11. Rac1 Nh5 12. Be3 f5 13. Qa4 Bb7 14. Ne1 f4 15. Bxf4 Nxf4 16. gxf4 Rxf4 17. e3 Rg4 18. f3 Rg6 19. Nd3 Bd6 20. f4 dxc4 21. Qxc4 c5 22. e4 cxd4 23. b4 Kh8 24. Qxd4 Nf6 25. Rf3 Bc5 0-1

[Event "Catalunya-chT Honor"]
[Site "Catalunya"]
[Date "2013.02.16"]
[Round "5.8"]
[White "Bosque Ortega, Xavier"]
[Black "Ribera Baztan, Jose"]
[Result "0-1"]
[WhiteElo "2247"]
[BlackElo "2100"]
[PlyCount "104"]
[EventDate "2013.01.19"]
[EventType "team-tourn"]
[EventRounds "11"]
[EventCountry "ESP"]
[SourceTitle "EXT 2014"]
[Source "ChessBase"]
[SourceDate "2013.11.20"]
[SourceVersion "1"]
[SourceVersionDate "2013.11.20"]
[SourceQuality "1"]
[WhiteTeam "Barbera"]
[BlackTeam "Andorra"]
[WhiteTeamCountry "ESP"]
[BlackTeamCountry "AND"]

1. d4 f5 2. Nf3 Nf6 3. Bg5 e6 4. Nbd2 Be7 5. Bxf6 Bxf6 6. e4 d5 7. exf5 exf5 8. Bd3 Nc6 9. c3 0-0 10. 0-0 Qd6 11. Re1 Bd7 12. Qc2 g6 13. Re2 Rae8 14. Rae1 Rxe2 15. Rxe2 Re8 16. Nb3 b6 17. Rxe8+ Bxe8 18. Qe2 Kf7 19. Bb5 Qe6 20. Qxe6+ Kxe6 21. Nc1 Kd6 22. h4 Bf7 23. Bxc6 Kxc6 24. Ne5+ Bxe5 25. dxe5 Kc5 26. f4 Kc4 27. Kf2 d4 28. Ne2 dxc3 29. Nxc3 Kd3 30. Nb5 Bxa2 31. Nxc7 a5 32. e6 Kc2 33. e7 Bf7 34. e8Q Bxe8 35. Nxe8 Kxb2 36. Nd6 a4 37. Nc4+ Kb3 38. Nd2+ Kc3 39. Ke3 a3 40. Nb1+ Kb2 41. Nxa3 Kxa3 42. Kd4 b5 43. Ke5 b4 44. Kf6 b3 45. Kg7 b2 46. Kxh7 b1Q 47. Kxg6 Qe4 48. g3 Qe6+ 49. Kg5 Qg8+ 50. Kxf5 Qxg3 51. h5 Qg7 52. Ke6 Qh6+ 0-1

[Event "Catalunya-chT Honor"]
[Site "Catalunya"]
[Date "2013.01.19"]
[Round "1.7"]
[White "Ribera Baztan, Jose"]
[Black "Gallego Bergada, Antoni"]
[Result "1-0"]
[WhiteElo "2100"]
[BlackElo "2098"]
[PlyCount "79"]
[EventDate "2013.01.19"]
[EventType "team-tourn"]
[EventRounds "11"]
[EventCountry "ESP"]
[SourceTitle "CBM 152 Extra"]
[Source "ChessBase"]
[SourceDate "2013.02.25"]
[SourceVersion "1"]
[SourceVersionDate "2013.02.25"]
[SourceQuality "1"]
[WhiteTeam "Andorra"]
[BlackTeam "Sitges"]
[WhiteTeamCountry "AND"]
[BlackTeamCountry "ESP"]

1. d4 e6 2. c4 f5 3. Nf3 Nf6 4. g3 d5 5. Bg2 c6 6. 0-0 Bd6 7. b3 0-0 8. Ba3 Bxa3 9. Nxa3 Nbd7 10. b4 Ne4 11. Qb3 g5 12. Rad1 Ndf6 13. Ne5 f4 14. Nb1 Qe8 15. Nc3 Nd6 16. Rfe1 Qh5 17. e4 dxc4 18. Nxc4 Nxc4 19. Qxc4 Ng4 20. h3 fxg3 21. fxg3 Nf2 22. Rd2 Nxh3+ 23. Bxh3 Qxh3 24. Rg2 Bd7 25. e5 Rf5 26. Ne4 Raf8 27. Qe2 Qh6 28. Nf6+ R8xf6 29. exf6 Qxf6 30. Qe3 Kg7 31. Rf2 Rxf2 32. Qxf2 Qxf2+ 33. Kxf2 Kf6 34. Ke3 Be8 35. Rf1+ Ke7 36. Ke4 Bg6+ 37. Ke5 Bf5 38. Rh1 Kf7 39. Rh5 Kg6 40. Rh2 1-0

[Event "Olympiad-36"]
[Site "Mallorca"]
[Date "2004.10.24"]
[Round "9"]
[White "Karim, Ismael"]
[Black "Ribera Baztan, Jose"]
[Result "1-0"]
[WhiteElo "2228"]
[BlackElo "2147"]
[PlyCount "79"]
[EventDate "2004.10.15"]
[EventType "team-swiss"]
[EventRounds "14"]
[EventCountry "ESP"]
[SourceTitle "CBM 104"]
[Source "ChessBase"]
[SourceDate "2005.01.27"]
[SourceVersion "1"]
[SourceVersionDate "2005.01.27"]
[SourceQuality "1"]
[WhiteTeam "Morocco"]
[BlackTeam "Andorra"]
[WhiteTeamCountry "MAR"]
[BlackTeamCountry "AND"]

1. e4 c5 2. Nf3 Nc6 3. Nc3 Nf6 4. Bb5 Qc7 5. 0-0 Nd4 6. Nxd4 cxd4 7. Nd5 Nxd5 8. exd5 Qc5 9. c4 a6 10. Ba4 Qxc4 11. Bb3 Qc5 12. d3 Qd6 13. Qf3 Qf6 14. Qe4 d6 15. Re1 g6 16. Bf4 Bf5 17. Qf3 0-0-0 18. Qg3 h6 19. h4 Kb8 20. Bc4 e5 21. dxe6 fxe6 22. b4 Be7 23. a4 g5 24. Bd2 gxh4 25. Qf3 d5 26. Bf4+ Bd6 27. Bxd6+ Rxd6 28. Qf4 Rhd8 29. Bb3 Qg5 30. Qe5 Bxd3 31. Qxd4 Be4 32. Rxe4 dxe4 33. Qxe4 Rd4 34. Qf3 Rf4 35. Qh3 Qf6 36. Re1 Rxf2 37. Bxe6 Rdd2 38. Bd5 Qd4 39. Re8+ Ka7 40. Ra8+ 1-0

[Event "Olympiad-36"]
[Site "Mallorca"]
[Date "2004.10.18"]
[Round "4"]
[White "Rees, Ioan"]
[Black "Ribera Baztan, Jose"]
[Result "1-0"]
[WhiteElo "2201"]
[BlackElo "2147"]
[PlyCount "59"]
[EventDate "2004.10.15"]
[EventType "team-swiss"]
[EventRounds "14"]
[EventCountry "ESP"]
[SourceTitle "CBM 104"]
[Source "ChessBase"]
[SourceDate "2005.01.27"]
[SourceVersion "1"]
[SourceVersionDate "2005.01.27"]
[SourceQuality "1"]
[WhiteTeam "Wales"]
[BlackTeam "Andorra"]
[WhiteTeamCountry "WLS"]
[BlackTeamCountry "AND"]

1. d4 f5 2. Nf3 Nf6 3. g3 g6 4. Bg2 Bg7 5. 0-0 0-0 6. c4 d6 7. Nc3 c6 8. Rb1 Qe8 9. d5 Na6 10. b4 Bd7 11. dxc6 bxc6 12. a3 Nc7 13. Bb2 Ne6 14. e3 Nd8 15. b5 Rc8 16. a4 cxb5 17. cxb5 Nf7 18. Nd4 e5 19. Nc6 a6 20. Na7 Rb8 21. bxa6 e4 22. Nab5 Qe6 23. Nc7 Qc4 24. N7b5 Bxb5 25. Nxb5 Nd7 26. Bxg7 Kxg7 27. Rc1 Qb4 28. Nd4 Rfc8 29. Nc6 Qb2 30. Nxb8 1-0

[Event "Andbanc Quad 1st"]
[Site "Andorra"]
[Date "2004.05.30"]
[Round "3"]
[White "Ribera Baztan, Jose"]
[Black "Schartz, Alain"]
[Result "1/2-1/2"]
[WhiteElo "2140"]
[BlackElo "2120"]
[PlyCount "77"]
[EventDate "2004.05.29"]
[EventType "team-tourn"]
[EventRounds "3"]
[EventCountry "AND"]
[SourceTitle "CBM 100 Extra"]
[Source "ChessBase"]
[SourceDate "2004.07.06"]
[SourceVersion "2"]
[SourceVersionDate "2004.07.06"]
[SourceQuality "1"]

1. d4 d5 2. c4 e6 3. Nf3 Nf6 4. Nc3 c6 5. g3 Bd6 6. Bg2 Nbd7 7. 0-0 0-0 8. Nd2 Re8 9. e4 dxe4 10. Ndxe4 Nxe4 11. Nxe4 Be7 12. Bf4 Nf6 13. Nc3 Bd6 14. Be3 Bd7 15. f4 Qc7 16. c5 Bf8 17. Bf2 Nd5 18. Ne4 Red8 19. Qc2 Be8 20. Qc4 f6 21. Rfe1 Bf7 22. Qa4 Re8 23. Bf3 h6 24. Re2 g5 25. fxg5 hxg5 26. Rae1 Be7 27. Nc3 Kg7 28. Nxd5 exd5 29. Bg4 Bf8 30. Rxe8 Bxe8 31. Bf5 Bg6 32. Bxg6 Kxg6 33. Qc2+ Kg7 34. Qe2 Qd7 35. g4 Kf7 36. h4 Re8 37. Qxe8+ Qxe8 38. Rxe8 Kxe8 39. hxg5 1/2-1/2

[Event "Catalunya-chT DH"]
[Site "Spain"]
[Date "2004.??.??"]
[Round "6"]
[White "Montilla Carrillo, Esteban"]
[Black "Ribera Baztan, Jose"]
[Result "1-0"]
[WhiteElo "2287"]
[BlackElo "2140"]
[PlyCount "59"]
[EventDate "2004.??.??"]
[EventType "team-tourn"]
[EventRounds "9"]
[EventCountry "ESP"]
[SourceTitle "EXT 2007"]
[Source "ChessBase"]
[SourceDate "2006.11.23"]
[SourceVersion "1"]
[SourceVersionDate "2006.11.23"]
[SourceQuality "1"]

1. e4 c5 2. Nf3 Nc6 3. Bb5 a6 4. Bxc6 dxc6 5. b3 e5 6. Bb2 f6 7. d3 Bg4 8. Nbd2 Bd6 9. 0-0 Ne7 10. Nc4 0-0 11. Ne3 Bh5 12. g4 Bf7 13. Kh1 g5 14. Rg1 Ng6 15. Nd2 Qc7 16. Ndf1 b5 17. Ng3 Nh4 18. Ngf5 Nxf5 19. Nxf5 Be6 20. Ng3 c4 21. dxc4 bxc4 22. Qf3 Rad8 23. Nh5 Be7 24. Qe3 Qa5 25. Bc3 Qc5 26. b4 Qd6 27. h4 gxh4 28. Qh6 Rf7 29. g5 f5 30. g6 1-0

[Event "Catalunya-chT DH"]
[Site "Spain"]
[Date "2004.??.??"]
[Round "4"]
[White "Roca Diaz, Miguel Angel"]
[Black "Ribera Baztan, Jose"]
[Result "0-1"]
[WhiteElo "2097"]
[BlackElo "2140"]
[PlyCount "60"]
[EventDate "2004.??.??"]
[EventType "team-tourn"]
[EventRounds "9"]
[EventCountry "ESP"]
[SourceTitle "EXT 2007"]
[Source "ChessBase"]
[SourceDate "2006.11.23"]
[SourceVersion "1"]
[SourceVersionDate "2006.11.23"]
[SourceQuality "1"]

1. e4 c5 2. Nf3 Nc6 3. Nc3 Nf6 4. Bb5 Qc7 5. 0-0 Nd4 6. Nxd4 cxd4 7. Ne2 Qe5 8. Bd3 Nxe4 9. f4 Qd5 10. b3 g6 11. Bb2 Bg7 12. Rf3 d6 13. Bc4 Qc5 14. d3 Nc3 15. Bxc3 dxc3+ 16. d4 Qb6 17. Kh1 Bg4 18. Re3 Bf6 19. a4 Bxe2 20. Qxe2 Qxd4 21. Rd1 Qxf4 22. Re4 Qh6 23. Rxd6 0-0 24. Rd1 Rad8 25. Bd3 Rd5 26. Qe3 Qxe3 27. Rxe3 Rfd8 28. Rde1 Bg5 29. Re4 Rxd3 30. cxd3 Rc8 0-1